| 000 | 00766nam a2200181Ia 4500 | ||
|---|---|---|---|
| 008 | 151202s9999||||xx |||||||||||||| ||und|| | ||
| 082 | _bPNVM-15529 | ||
| 100 | _aवरेरकर भार्गवराम वि.(वरेरकर मामा) | ||
| 245 | _aहाच मुलाचा बाप. | ||
| 260 | _b"बलवंत पुस्तक भांडार,मुंबई." | ||
| 260 | _c0 | ||
| 300 | _a98 | ||
| 600 | _aवरेरकर भार्गवराम वि.(वरेरकर मामा) | ||
| 630 | _aहाच मुलाचा बाप. | ||
| 700 | _aवरेरकर भार्गवराम वि.(वरेरकर मामा) | ||
| 730 | _aहाच मुलाचा बाप. | ||
| 942 | _cBOOK | ||
| 999 |
_c1281514 _d1281511 |
||